NTA UGC NET/SET/JRF Paper 1 teaching and research aptitude / (Record no. 165850)

MARC details
000 -LEADER
fixed length control field 00832nam a22002177a 4500
005 - DATE AND TIME OF LATEST TRANSACTION
control field 20250806142700.0
010 ## - LCCN (DPL NO)
LC control number B-728416 EN-129951
020 ## - INTERNATIONAL STANDARD BOOK NUMBER
International Standard Book Number 9789353433741
Terms of availability 449.00
035 ## - SYSTEM CONTROL NUMBER
System control number B-728416 ENG-146419
037 ## - SOURCE OF ACQUISITION
Source of stock number/acquisition RK Books
037 ## - SOURCE OF ACQUISITION
Source of stock number/acquisition DBAD
082 ## - DEWEY DECIMAL CLASSIFICATION NUMBER
Classification number 000
100 ## - MAIN ENTRY--PERSONAL NAME
Personal name Madaan,KVS
245 ## - TITLE STATEMENT
Title NTA UGC NET/SET/JRF Paper 1 teaching and research aptitude /
Statement of responsibility, etc by KVS Madaan
250 ## - EDITION STATEMENT
Edition statement 3rd ed
260 ## - PUBLICATION, DISTRIBUTION, ETC. (IMPRINT)
Place of publication, distribution, etc Noida
Name of publisher, distributor, etc Pearson
Date of publication, distribution, etc 2019
270 ## - ADDRESS
Address 15th Floor, Tower-B, World Trade Tower, Plot No. 1, Block-C, Sector-16
City Noida, U.P.
Postal code 201301
300 ## - PHYSICAL DESCRIPTION
Extent various pagings:
Other physical details ill.
Dimensions 25cm(pbk)
942 ## - ADDED ENTRY ELEMENTS (KOHA)
Source of classification or shelving scheme Dewey Decimal Classification
Item type English Books
Classification part 000
Call number suffix MAD
Holdings
Withdrawn status Lost status Not for loan Collection code Home library Current library Date acquired Source of acquisition Cost, normal purchase price Full call number Barcode Copy number Cost, replacement price Koha item type Public note
      Non-fiction Kadipur Kadipur 03/07/2019 RK Books/IN569/2019-20/17.06.2019/09/06.06.2019/28.06.2019 449.00 000 MAD B-728416 1 449.00 English Books Spl. power
      Non-fiction Mobile Library Mobile Library 06/08/2025 DBAD 336.00 000 MAD EN-129951 1   English Books  

© Delhi Public Library
Hit Counter
free hit counter